| 000 | 00787cab a2200241 4500 | ||
|---|---|---|---|
| 001 | WB3409-29 | ||
| 008 | 090401t1998 xxu||||| |||| 00| 0 eng d | ||
| 035 | _a(Sirsi) u84739 | ||
| 041 | _aeng | ||
| 245 | _aReport to relaunch housing investment trusts | ||
| 260 | _c1998 | ||
| 350 | _a0 | ||
| 490 |
_aRICS Press Release _vpr23.res 4 March 1998, (3) |
||
| 520 | _aA report by Coopers & Lybrarnd "Housing investment trusts, moving into the next millennium - the need for change" highlights the necessary requirements for the resurrection of HITS. | ||
| 650 | _aHITS | ||
| 650 | _aHOUSING INVESTMENT TRUSTS | ||
| 650 | _aPRIVATE HOUSING SECTOR | ||
| 650 | _aPROPERTY INVESTMENT | ||
| 650 | _aREITS | ||
| 690 | _aHOUSING-HOUSING FINANCE | ||
| 942 | _n0 | ||
| 948 | _c06/03/1998 | ||
| 999 |
_c53291 _d53291 |
||